Survey of research on financial sector modeling within DSGE models: what central banks can learn from it
Modelovanie finančných frikcií. Zahrnutie finančných frikcií do dynamických stochastických modelov všeobecnej rovnováhy (DSGE modely). Efekt finančného akcelerátora. Finančné frikcie v menovej politike Českej národnej banky.
Salvato in:
| Autore principale: | |
|---|---|
| Altri autori: | , |
| Natura: | Capitolo di libro |
| Lingua: | inglese |
| Soggetti: | |
| Tags: |
Nessun Tag, puoi essere il primo ad aggiungerne!!
|
MARC
| LEADER | 00000naa a2200000 4500 | ||
|---|---|---|---|
| 001 | 0157218 | ||
| 005 | 20231010120059.8 | ||
| 041 | 0 | |a eng | |
| 044 | |a CZ | ||
| 245 | 1 | 0 | |a Survey of research on financial sector modeling within DSGE models: what central banks can learn from it |c František Brázdik, Michal Hlaváček, Aleš Maršál |
| 520 | |a Modelovanie finančných frikcií. Zahrnutie finančných frikcií do dynamických stochastických modelov všeobecnej rovnováhy (DSGE modely). Efekt finančného akcelerátora. Finančné frikcie v menovej politike Českej národnej banky. | ||
| 610 | 2 | 0 | |a modely dynamické |
| 610 | 2 | 0 | |a modely stochastické |
| 610 | 2 | 0 | |a modely rovnováhy |
| 610 | 2 | 0 | |a akcelerátor |
| 610 | 2 | 0 | |a trh finančný |
| 610 | 2 | 0 | |a banky centrálne |
| 610 | 2 | 0 | |a politika menová |
| 100 | 1 | |a Brázdik, František | |
| 700 | 1 | |a Hlaváček, Michal | |
| 700 | 1 | |a Maršál, Aleš | |